[Event "Lleida Province-ch"]
[Site "Tornabous"]
[Date "2014.11.23"]
[Round "8"]
[White "Rodriguez Moles, Julian"]
[Black "Solani Nunez, Joel"]
[Result "1-0"]
[WhiteElo "2029"]
[BlackElo "1919"]
[PlyCount "37"]
[EventDate "2014.10.05"]
[EventType "swiss"]
[EventRounds "9"]
[EventCountry "ESP"]
[SourceTitle "CBM 163 Extra"]
[Source "ChessBase"]
[SourceDate "2014.12.23"]
[SourceVersion "1"]
[SourceVersionDate "2014.12.23"]
[SourceQuality "1"]

1. e4 e5 2. Nf3 Nc6 3. Bc4 Bc5 4. c3 Nf6 5. d3 d6 6. Bg5 Be6 7. Nbd2 h6 8. Bh4 a6 9. a4 Na5 10. Bxe6 fxe6 11. b4 g5 12. Bg3 g4 13. Nh4 Nh5 14. Qxg4 Qg5 15. Qxe6+ Kd8 16. bxc5 Nxg3 17. hxg3 Rf8 18. Nf5 Nb3 19. Nxb3 1-0

[Event "Lleida Province-ch"]
[Site "Lleida"]
[Date "2012.11.11"]
[Round "7"]
[White "Rodriguez Moles, Julian"]
[Black "Torrelles Hornos, Robert"]
[Result "0-1"]
[WhiteElo "1685"]
[BlackElo "1785"]
[PlyCount "108"]
[EventDate "2012.10.07"]
[EventType "swiss"]
[EventRounds "9"]
[EventCountry "ESP"]
[SourceTitle "EXT 2015"]
[Source "ChessBase"]
[SourceDate "2014.11.20"]
[SourceVersion "1"]
[SourceVersionDate "2014.11.20"]
[SourceQuality "1"]

1. e4 g6 2. d4 Bg7 3. Nc3 d6 4. Bc4 a6 5. Nf3 e6 6. Bg5 Ne7 7. Qd2 h6 8. Bh4 Nd7 9. h3 b6 10. 0-0 Bb7 11. d5 e5 12. Nh2 g5 13. Bg3 Ng6 14. Ng4 Nf6 15. Ne3 Nxe4 16. Nxe4 Bc8 17. Nc3 f5 18. Bh2 f4 19. Bd3 Nh4 20. Ned1 Bxh3 21. Be4 Bd7 22. Qd3 Qf6 23. f3 h5 24. g3 Nf5 25. g4 hxg4 26. fxg4 Nh4 27. Bf3 Qh6 28. Rf2 Kf7 29. Ne4 Nxf3+ 30. Qxf3 Qh4 31. Ne3 Kg6 32. Nf5 Bxf5 33. gxf5+ Kxf5 34. Rg2 Bf6 35. Ng3+ Kg6 36. Qe4+ Kf7 37. Nf5 Qh7 38. Kf2 g4 39. Ke1 Bh4+ 40. Kd2 Kf6 41. Ng3 fxg3 42. Rf1+ Ke7 43. Qxh7+ Rxh7 44. Bxg3 Rf8 45. Bxh4+ Rxh4 46. Rfg1 Rg8 47. Rf1 g3 48. Ke3 Rh2 49. Rfg1 Rxg2 50. Rxg2 Kf6 51. Kf3 Kf5 52. c4 e4+ 53. Ke3 Ke5 54. b4 b5 0-1

[Event "Lleida Province-ch"]
[Site "Lleida"]
[Date "2011.11.01"]
[Round "5"]
[White "Rodriguez Moles, Julian"]
[Black "Ortiz Navarro, Miquel Angel"]
[Result "1/2-1/2"]
[WhiteElo "1669"]
[BlackElo "2007"]
[PlyCount "48"]
[EventDate "2011.10.09"]
[EventType "swiss"]
[EventRounds "9"]
[EventCountry "ESP"]
[SourceTitle "EXT 2015"]
[Source "ChessBase"]
[SourceDate "2014.11.20"]
[SourceVersion "1"]
[SourceVersionDate "2014.11.20"]
[SourceQuality "1"]

1. e4 e6 2. d4 d5 3. exd5 exd5 4. Bd3 Nc6 5. c3 Bd6 6. Nf3 Bg4 7. 0-0 Nge7 8. Be3 Qd7 9. Nbd2 0-0 10. Qc2 Bf5 11. Ng5 Bxd3 12. Qxd3 Qf5 13. Qxf5 Nxf5 14. Nh3 Nxe3 15. fxe3 Rae8 16. Rae1 f5 17. Nf4 Bxf4 18. exf4 Kf7 19. Nf3 h6 20. Ne5+ Nxe5 21. Rxe5 Rxe5 22. fxe5 Ke6 23. g4 f4 24. h4 g5 1/2-1/2

[Event "Lleida Province-ch"]
[Site "Lleida"]
[Date "2011.10.12"]
[Round "2"]
[White "Degracia Burgues, Jose A"]
[Black "Rodriguez Moles, Julian"]
[Result "1-0"]
[WhiteElo "1915"]
[BlackElo "1669"]
[PlyCount "35"]
[EventDate "2011.10.09"]
[EventType "swiss"]
[EventRounds "9"]
[EventCountry "ESP"]
[SourceTitle "EXT 2015"]
[Source "ChessBase"]
[SourceDate "2014.11.20"]
[SourceVersion "1"]
[SourceVersionDate "2014.11.20"]
[SourceQuality "1"]

1. e4 e5 2. Nf3 Nc6 3. Bc4 Nf6 4. d4 exd4 5. e5 Ne4 6. 0-0 Be7 7. c3 dxc3 8. Qd5 0-0 9. Qxe4 cxb2 10. Bxb2 Nb4 11. a3 Nc6 12. Rd1 Kh8 13. Bd3 g6 14. Nc3 f5 15. Qe3 f4 16. Qe4 d6 17. exd6 Bf5 18. dxe7 1-0